000 00924amm a2200277a 44500
005 20240611111228.0
008 161116s20162023 cat
041 _acat
110 _aTERMCAT
_960609
245 _aGlossari de jardineria i paisatgisme
_h[en línia]
_cTERMCAT, Centre de Terminologia; Fundació de la Jardineria i el Paisatge
260 _aBarcelona
_bTERMCAT, Centre de Terminologia
_c2016-2023
490 _aDiccionaris en Línia
500 _btermcat
520 _aaprox. 2.400
546 _acatalà
592 _aObra terminològica
593 _aFH
650 _ajardineria
_963931
710 _aFundació de la Jardineria i el Paisatge
_973616
830 _aDiccionaris en Línia
_974364
856 _uhttps://www.termcat.cat/ca/diccionaris-en-linia/222/
901 _ccop. <2016>-<2022>
902 _a161116
942 _cMO
_n0
_2ddc
999 _c66958
_d66958